000 00590nam a22002177a 4500
003 UA-OsUOA
001 69557
007 ta
008 20100625b un ||||| |||| 00| 0 ukr d
100 _aСкляренко В.Г.
090 _a82
_bС43
942 _cSA
040 _aUA-OsUOA
_bukr
_cUA-OsUOA
_dUA-OsUOA
245 _a"Темні місця" в "Слові о полку Ігоревім".13
300 _aС.30-41
955 _a0
041 _aukr
080 _a82
773 0 _w69555
650 7 _a82 Література. Літературознавство
_2UDC
999 _c355818
_d355818